000
00469nam a22001337a 4500
003
SGT
020
_a
9789380935904
082
_a
080
_b
Y18S
100
_a
शास्त्री, दीक्षितोपाह श्री अमरनाथ
245
_a
याज्ञवल्काव्यशिक्षा
260
_b
इंदिरा गाँधी राष्ट्रीय कला केंद्र
_c
2018
300
_a
468
942
_2
ddc
_c
BK
999
_c
31516
_d
31516